00518nam a2200241Ia 450000500170000000800460001702000150006303700070007804000080008504000080009304000080010104100080010904100080011708400160012508400080014110000190014924500370016824500190020526000140022426000200023826000090025830000090026720260401122159.0008 250103s9999 xx 000 0 eng d a8172015275 aTB aEDL beng cEDL 2eng aeng a891.433 SAH qEDL aSahni, Bhisham 0aAnthology of Hindi Short Stories 0cSahni, Bhisham aNew Delhi bSahitya Academi c2003 a477p